000 00515nam a2200181Ia 4500
005 20221213144545.0
008 131103s9999 xx 000 0 und d
040 _aLoreto College
041 _aEnglish
082 _a811.54
_bROE-STE
245 _aTheodore Raethke
_b essays on the poetry
_cedited by Arnold Stein
260 _aSeattle
_bUniversity of Washington Press
_c1965
300 _axx,199 p.
650 _aRoethke,Theodore - 1908 - 1963
700 _aStein,Arnold,ed.
850 _aLCLIB
942 _cBK
999 _c11674
_d62153